| 000 | 00520nam a2200193 a 4500 | ||
|---|---|---|---|
| 001 | 1777626161842 | ||
| 003 | YourLibrary | ||
| 005 | 20260501143359.0 | ||
| 008 | 260501s1998##################000#0#eng## | ||
| 020 | _a9780520226869 | ||
| 082 | 0 | 4 |
_a388.1097944 _bHOW |
| 100 | 1 |
_aHoward, Thomas Frederick, _eauthor. |
|
| 245 | 1 | 0 | _aSierra Crossing : |
| 260 |
_bUniv of California Press, _c1998. |
||
| 300 | _a230 pages | ||
| 650 | 0 | _aBusiness & Economics. | |
| 942 | _cENGLISH | ||
| 040 |
_aYourLibrary _beng _cYourLibrary |
||
| 999 |
_c621751 _d621751 |
||